Personnalités noires connues - Statistiques

Statistiques générales
  • Ce quiz a été pris 75 fois
    45 depuis la dernière actualisation
  • Le résultat moyen est 46 sur 500
Statistiques - réponses
Profession Nationalité Réponse % Correct
Politique USA ♂️ Barack Obama
87%
Cinéma France ♂️ Omar Sy
87%
Avocate USA ♀️ Michelle Obama
77%
Football France ♂️ Kylian Mbappé
74%
Politique Afrique du Sud ♂️ Nelson Mandela
74%
Pasteur/Militantisme USA ♂️ Martin Luther King
58%
Basket-ball USA ♂️ LeBron James
45%
Cinéma USA ♂️ Michael B. Jordan
45%
Musique USA ♂️ Michael Jackson
45%
Football France/Mali ♂️ N'Golo Kanté
45%
Football France ♂️ Paul Pogba
45%
Musique/Télé-crochet France/Madagascar ♀️ Anisha Jo
42%
Médias France ♀️ Hapsatou Sy
42%
Basket-ball USA ♂️ Michael Jordan
42%
Musique France/Mali ♀️ Aya Nakamura
39%
Musique Barbade ♀️ Rihanna
39%
Athlétisme Jamaïque ♂️ Usain Bolt
39%
Musique USA ♀️ Beyoncé
35%
Musique Jamaïque ♂️ Bob Marley
35%
Boxe USA ♂️ Mike Tyson
35%
Boxe USA ♂️ Mohamed Ali
35%
MMA/Kick-boxeur France/Cameroun ♂️ Cédric Doumbè
32%
Musique USA ♀️ Janet Jackson
32%
Journaliste France ♀️ Kareen Guiock Thuram
32%
Football France ♂️ Lilian Thuram
32%
Football France ♂️ Marcus Thuram
32%
Football France ♂️ Ousmane Dembélé
32%
Cinéma USA ♂️ Samuel L. Jackson
32%
Basket-ball USA ♂️ Stephen Curry
32%
Basket-ball France/USA ♂️ Tony Parker
32%
Musique USA ♂️ Tupac Shakur
32%
Humoriste France ♂️ Waly Dia
32%
Musique Belgique/Congo ♂️ Damso
29%
Football Côte d'Ivoire/France ♂️ Didier Drogba
29%
Musique Canada ♂️ Drake
29%
Musique USA ♂️ Jay-Z
29%
Musique France ♂️ Kery James
29%
Musique France/Comores ♂️ Soprano
29%
Football France ♂️ Thierry Henry
29%
Musique USA ♂️ will.i.am
29%
Cinéma USA ♂️ Will Smith
29%
Musique USA ♂️ 50 Cent
26%
Musique France ♂️ Booba
26%
Musique France/Congo ♂️ Dadju
26%
Cinéma USA ♂️ Denzel Washington
26%
Football France/Côte d'Ivoire ♂️ Djibril Cissé
26%
Musique Congo ♂️ Gims
26%
Musique France/Côte d'Ivoire ♂️ Kaaris
26%
Militantisme USA ♀️ Rosa Parks
26%
Football Sénégal ♂️ Sadio Mané
26%
Musique USA ♂️ Snoop Dogg
26%
Musique France ♂️ Tiakola
26%
Basket France ♂️ Victor Wembanyama
26%
Tennis France/Cameroun ♂️ Yannick Noah
26%
Musique USA ♀️ Cardi B
23%
Football/Politique Libéria ♂️ George Weah
23%
Musique USA ♂️ Kanye West
23%
Musique France ♂️ Ninho
23%
Musique France ♂️ Niska
23%
Télévision USA ♀️ Oprah Winfrey
23%
Football Brésil ♂️ Pelé
23%
Musique USA ♂️ Pharrell Williams
23%
Football France/Cameroun ♂️ Samuel Umtiti
23%
Tennis USA ♀️ Serena Williams
23%
Judo France ♂️ Teddy Riner
23%
Cinéma/Humoriste France ♂️ Ahmed Sylla
19%
Football France ♂️ Bernard Lama
19%
Politique France ♀️ Christiane Taubira
19%
Musique France ♂️ Gazo
19%
Musique France ♂️ Gradur
19%
Cinéma USA ♂️ Jesse Williams
19%
Musique USA ♂️ Kendrick Lamar
19%
Basket-ball USA ♂️ Kobe Bryant
19%
Pilote automobile Royaume-Uni ♂️ Lewis Hamilton
19%
Musique USA ♀️ Nicki Minaj
19%
Musique USA ♂️ The Notorious B.I.G.
19%
Football France ♂️ Thomas Lemar
19%
Musique USA ♂️ Usher
19%
Tennis USA ♀️ Venus Williams
19%
Ecriture/Politique France ♂️ Aimé Césaire
16%
Musique France/Comores ♂️ Alonzo
16%
Musique/Cinéma/Télé-crochet France ♀️ Aurélie Konaté
16%
Football France ♂️ Aurélien Tchouaméni
16%
Football France/Sénégal ♂️ Benjamin Mendy
16%
Musique France ♂️ Black M
16%
Joueur e-sport/Streamer France ♂️ Brawks
16%
Musique USA ♂️ Chris Brown
16%
Cinéma/Humoriste France/Côte d'Ivoire ♀️ Claudia Tagbo
16%
Cinéma/Catcheur USA/Canada ♂️ Dwayne Johnson
16%
Cinéma USA ♂️ Eddie Murphy
16%
Football France/Sénégal ♂️ Édouard Mendy
16%
Football France ♂️ Ibrahima Konaté
16%
Football France ♂️ Jules Koundé
16%
Tik Tok Italie/Sénégal ♂️ Khaby Lame
16%
Basket-ball USA ♂️ Magic Johnson
16%
Vidéaste France ♂️ Mastu
16%
Football France ♂️ Mike Maignan
16%
Musique USA ♂️ Prince
16%
Musique USA ♂️ Puff Daddy
16%
Militantisme France ♂️ Tanguy David
16%
Musique France ♂️ Tayc
16%
Musique USA ♂️ Travis Scott
16%
Football Brésil/Espagne ♂️ Vinícius Júnior
16%
Cinéma USA ♀️ Viola Davis
16%
Musique USA ♀️ Whitney Houston
16%
Football France ♂️ Youssouf Fofana
16%
Militantisme USA ♀️ Angela Davis
13%
Musique USA ♀️ Aretha Franklin
13%
Musique USA ♀️ Bessie Smith
13%
Football France ♂️ Blaise Matuidi
13%
Musique Royaume-Uni ♂️ Dave
13%
Musique France ♂️ Dosseh
13%
Football France/Angola/Congo ♂️ Eduardo Camavinga
13%
Humoriste France ♂️ Fabrice Éboué
13%
Humoriste France ♀️ Fadily Camara
13%
Tennis France ♂️ Gaël Monfils
13%
Télévision France ♂️ Harry Roselmack
13%
Vidéaste USA ♂️ IShowSpeed
13%
Cinéma USA ♀️ Jada Pinkett Smith
13%
Musique/Cinéma USA ♂️ Jaden Smith
13%
Football USA/Canada ♂️ Jonathan David
13%
Musique Royaume-Uni ♀️ Jorja Smith
13%
Musique France ♂️ Kalash
13%
Humoriste/Cinéma USA ♂️ Kevin Hart
13%
Musique USA ♂️ Lil Wayne
13%
Militantisme USA ♂️ Malcolm X
13%
Musique USA ♂️ Miles Davis
13%
Mode Royaume-Uni ♀️ Naomi Campbell
13%
Musique France/Congo ♂️ Naza
13%
Football France ♂️ Patrick Vieira
13%
Musique USA ♂️ Pop Smoke
13%
Football France ♂️ Randal Kolo Muani
13%
Journaliste/Militantisme France ♀️ Rokhaya Diallo
13%
Football Cameroun/Espagne ♂️ Samuel Eto'o
13%
Football France/Congo ♂️ Steve Mandanda
13%
Musique Belgique ♂️ Stromae
13%
Golf USA ♂️ Tiger Woods
13%
Athlétisme USA ♂️ Tommie Smith
13%
Musique/Cinéma USA ♀️ Willow Smith
13%
Musique/Médias France ♀️ Afida Turner
10%
Basket-ball France/Sénégal ♂️ Boris Diaw
10%
Football Nigéria/Royaume-Uni ♂️ Bukayo Saka
10%
Humoriste USA ♂️ Chris Rock
10%
Judo France ♀️ Clarisse Agbégnénou
10%
Football France ♂️ Claude Makélélé
10%
Football France ♂️ Dayot Upamecano
10%
Musique USA ♂️ Dr. Dre
10%
Football France ♂️ Éric Abidal
10%
Musique USA ♂️ Future
10%
Musique Jamaïque ♀️ Grace Jones
10%
Cinéma Royaume-Uni/Sierra Leone ♂️ Idris Elba
10%
Basket-ball USA ♂️ James Harden
10%
Musique/Danse France ♀️ Joséphine Baker
10%
Football Royaume-Uni ♂️ Jude Bellingham
10%
Vidéaste/Streamer USA ♂️ Kai Cenat
10%
Politique USA ♀️ Kamala Harris
10%
Télévision France ♀️ Karine Le Marchand
10%
Musique France ♂️ KeBlack
10%
Drag queen France ♂️ Keiona
10%
Musique France ♂️ Koba LaD
10%
Musique France ♂️ Lefa
10%
Musique USA ♂️ Louis Armstrong
10%
Football France/Ghana ♂️ Marcel Desailly
10%
Musique USA ♂️ Marvin Gaye
10%
Vidéaste France ♂️ Mister V
10%
Football France ♂️ Moussa Sissoko
10%
Football France ♂️ Nicolas Anelka
10%
Musique USA ♂️ Offset
10%
Chercheur/Politique France ♂️ Pap Ndiaye
10%
Football France/Congo ♂️ Presnel Kimpembe
10%
Musique USA ♂️ Ray Charles
10%
Musique France/Comores ♂️ Rohff
10%
Drag queen USA ♂️ RuPaul
10%
Musique France ♂️ SDM
10%
Musique Belgique ♀️ Shay
10%
Musique France ♀️ Shy'm
10%
Musique Suisse ♀️ Tina Turner
10%
Football France ♀️ Wendie Renard
10%
Football France ♂️ William Saliba
10%
Musique USA ♂️ XXXTentacion
10%
Musique France/Congo ♂️ Youssoupha
10%
Musique USA/Sénégal ♂️ Akon
6%
Musique USA ♀️ Alicia Keys
6%
Musique France ♂️ Alpha Wann
6%
Musique USA ♂️ ASAP Rocky
6%
Militantisme France ♀️ Assa Traoré
6%
Football France/Congo ♂️ Brice Samba
6%
Musique Nigéria ♂️ Burna Boy
6%
Cinéma USA ♂️ Chadwick Boseman
6%
Football France/Togo ♂️ Corentin Tolisso
6%
Politique France/Gabon ♀️ Danièle Obono
6%
Basket-ball USA ♂️ Danny Green
6%
Basket-ball USA ♂️ Dennis Rodman
6%
Archevêque/Militantisme Afrique du Sud ♂️ Desmond Tutu
6%
Musique France/Cameroun ♂️ Dinos
6%
Volley-ball France ♂️ Earvin Ngapeth
6%
Cinéma France ♂️ Éric Judor
6%
Musique France ♂️ Franglish
6%
Musique USA ♂️ Frank Ocean
6%
Musique USA ♂️ Gunna
6%
Musique USA ♂️ Ice Cube
6%
Musique USA ♂️ Jason Derulo
6%
Arts martiaux/Cinéma USA ♂️ Jim Kelly
6%
Tennis France ♂️ Jo-Wilfried Tsonga
6%
Musique France/Congo ♂️ Kalash Criminel
6%
Football France ♂️ Kingsley Coman
6%
Vidéaste Royaume-Uni ♂️ KSI
6%
Musique USA ♂️ Lil Baby
6%
Musique USA ♂️ Lil Nas X
6%
Musique USA ♂️ Lil Uzi Vert
6%
Musique USA ♂️ Lionel Richie
6%
Musique USA ♀️ Lizzo
6%
Musique USA ♀️ Mariah Carey
6%
Musique USA ♀️ Megan Thee Stallion
6%
Chorégraphe/Télévision Canada ♀️ Mel Charlot
6%
Cinéma USA ♂️ Morgan Freeman
6%
Chef cuisinier France ♂️ Mory Sacko
6%
Musique USA ♂️ Nelly
6%
Musique USA ♀️ Nina Simone
6%
Football France/Sénégal ♂️ Patrice Évra
6%
Politique Rwanda ♂️ Paul Kagame
6%
Musique USA ♂️ R. Kelly
6%
Musique USA ♂️ Roddy Ricch
6%
Basket-ball France ♂️ Rudy Gobert
6%
Football Côte d'Ivoire ♂️ Serge Aurier
6%
Musique Jamaïque ♂️ Shaggy
6%
Politique France/Sénégal ♀️ Sibeth Ndiaye
6%
Football France/Sénégal/Maroc ♂️ Sofiane Diop
6%
Reine de beauté France/Rwanda ♀️ Sonia Rolland
6%
Patinage artistique France ♀️ Surya Bonaly
6%
Cinéma USA ♂️ Terry Crews
6%
Vidéaste/Musique France ♂️ Theodort
6%
Humoriste/Cinéma France ♂️ Thomas Ngijol
6%
Musique Afrique du Sud ♀️ Tyla
6%
Musique USA ♂️ Tyler, The Creator
6%
Mode Sainte-Lucie/Royaume-Uni ♂️ Vincent Mc Doom
6%
Musique France ♂️ Werenoi
6%
Cinéma USA ♀️ Whoopi Goldberg
6%
Musique USA ♂️ Wiz Khalifa
6%
Musique Nigéria ♂️ Wizkid
6%
Musique France ♀️ Yseult
6%
Cinéma USA ♀️ Zendaya
6%
Cinéma Sénégal/Mali/France ♀️ Aïssa Maïga
3%
Football France ♂️ Alexandre Lacazette
3%
Football France/Mali ♂️ Alou Diarra
3%
Musique USA ♂️ Aminé
3%
Cinéma USA ♀️ Angela Bassett
3%
Humoriste Canada ♂️ Anthony Kavanagh
3%
Musique France ♂️ Ateyaba
3%
Journaliste/Politique France ♀️ Audrey Pulvar
3%
Musique USA ♀️ Azealia Banks
3%
Musique France/Cameroun ♂️ Benash
3%
Musique USA ♂️ Big Sean
3%
Musique Trinité-et-Tobago/Royaume-Uni ♂️ Billy Ocean
3%
Musique France ♂️ Bosh
3%
Musique France ♂️ Bushi
3%
Musique USA ♂️ Busta Rhymes
3%
Football France ♂️ Christian Karembeu
3%
Reine de beauté France ♀️ Clémence Botino
3%
Musique USA ♂️ Coolio
3%
Musique Canada ♂️ Corneille
3%
Musique/Télé-crochet France ♂️ Cyril Cinélu
3%
Politique Afrique du Sud ♂️ Cyril Ramaphosa
3%
Musique France ♂️ Da Uzi
3%
Humoriste USA ♂️ Dave Chappelle
3%
Musique USA ♀️ Diana Ross
3%
Musique France ♂️ Doc Gynéco
3%
Football Sénégal/France ♂️ El-Hadji Diouf
3%
Boxe France ♀️ Estelle Mossely
3%
Humoriste France ♂️ Fary
3%
Politique France ♂️ Félix Éboué
3%
Reine de beauté France/Bénin ♀️ Flora Coquerel
3%
Musique USA ♂️ Flo Rida
3%
Arts martiaux/Boxe Cameroun ♂️ Francis Ngannou
3%
Télé-réalité France ♂️ François-Xavier/FX
3%
Musique France ♂️ Freeze Corleone
3%
Vidéaste/Streamer France ♂️ Grimkujow
3%
Musique France ♂️ Guizmo
3%
Musique France ♂️ Guy2Bezbar
3%
Musique France ♂️ Henri Salvador
3%
Musique USA ♀️ Ice Spice
3%
Musique/Cinéma USA ♂️ Ice-T
3%
Reine de beauté France ♀️ Indira Ampiot
3%
Cinéma/Humoriste France ♂️ Issa Doumbia
3%
Handball France ♂️ Jackson Richardson
3%
Musique USA ♂️ James Brown
3%
Musique USA/Allemagne ♂️ J. Cole
3%
Politique Centrafrique ♂️ Jean-Bedel Bokassa
3%
Cinéma France ♂️ Jean-Pascal Zadi
3%
Musique France ♂️ Jok'Air
3%
Musique France ♂️ Josman
3%
Musique USA ♂️ Juice Wrld
3%
Football France ♀️ Kadidiatou Diani
3%
Musique France ♂️ Kamini
3%
Journaliste France ♀️ Karine Baste-Régis
3%
Musique USA ♀️ Kelly Rowland
3%
Musique France ♂️ Kerchak
3%
Musique USA ♂️ Kodak Black
3%
Cinéma France ♂️ Ladj Ly
3%
Escrime France ♀️ Laura Flessel
3%
Télévision/Mannequin France ♂️ Laurent Maistret
3%
Musique USA ♀️ Lauryn Hill
3%
Politique France/Sénégal ♂️ Léopold Sédar Senghor
3%
Musique France ♂️ Leto
3%
Musique USA ♂️ Lil Durk
3%
Musique USA ♂️ Lil Tecca
3%
Musique Belgique/Congo ♀️ Lous and the Yakuza
3%
Cinéma Mexique/Kenya ♀️ Lupita Nyong'o
3%
Télé-réalité/Agent de sécurité France ♂️ Makao
3%
Football Brésil/Espagne ♂️ Marcelo
3%
Football Royaume-Uni ♂️ Marcus Rashford
3%
Football France ♀️ Marie-Antoinette Katoto
3%
Athlétisme France ♀️ Marie-José Pérec
3%
Football Ghana/Italie ♂️ Mario Balotelli
3%
Cinéma USA ♂️ Martin Lawrence
3%
Télé-réalité France ♂️ Marvin Tillière
3%
Musique/Télé-crochet France ♂️ Mathieu Edward
3%
Musique France/Tchad/Sénégal ♂️ MC Solaar
3%
Musique USA ♂️ Meek Mill
3%
Musique France/Guinée ♂️ MHD
3%
Musique USA ♀️ Missy Elliott
3%
Football France ♂️ Moussa Diaby
3%
Musique USA ♂️ Nas
3%
Cinéma Royaume-Uni/Rwanda ♂️ Ncuti Gatwa
3%
Musique USA ♂️ Ne-Yo
3%
Football Portugal ♂️ Nuno Mendes
3%
Football américain USA ♂️ O. J. Simpson
3%
Mode France ♂️ Olivier Rousteing
3%
Streamer France/Sénégal ♂️ Pape San
3%
Musique France/Congo ♂️ Passi
3%
Musique USA ♂️ Quavo
3%
Politique France/Côte d'Ivoire ♀️ Rachel Keke
3%
Politique France ♀️ Rama Yade
3%
Basket-ball USA ♂️ Scottie Pippen
3%
Basket-ball USA ♂️ Shaquille O'Neal
3%
Musique France ♂️ Siboy
3%
Cinéma USA/Bahamas ♂️ Sidney Poitier
3%
Musique USA ♂️ Soulja Boy
3%
Cinéma USA ♂️ Spike Lee
3%
Musique USA ♂️ Steve Lacy
3%
Musique USA ♂️ Stevie Wonder
3%
Musique France ♂️ Still Fresh
3%
Musique USA ♂️ Swae Lee
3%
Musique USA ♂️ Takeoff
3%
Cinéma USA ♀️ Taraji P. Henson
3%
Cinéma/Musique USA ♂️ Terrence Howard
3%
Musique Canada ♂️ The Weeknd
3%
Boxe France/Congo ♂️ Tony Yoka
3%
Musique USA ♂️ Tyga
3%
Musique France ♂️ Vegedream
3%
Football France ♂️ Warren Zaïre-Emery
3%
Football Côte d'Ivoire/Royaume-Uni ♂️ Yaya Touré
3%
Musique USA ♂️ Young Thug
3%
Musique France ♂️ Zola
3%
Musique Royaume-Uni ♂️ 21 Savage
0%
Musique USA ♂️ 24kGoldn
0%
Musique USA ♂️ 2 Chainz
0%
Ecriture France ♂️ Alexandre Dumas
0%
Reine de beauté France ♀️ Alicia Aylies
0%
Football France ♂️ Anthony Martial
0%
Musique USA ♂️ ASAP Ferg
0%
Football France ♂️ Axel Disasi
0%
Musique USA ♂️ Barry White
0%
Musique France ♂️ Ben l'Oncle Soul
0%
Football France ♂️ Bernard Diomède
0%
Cinéma/Humoriste USA ♂️ Bill Cosby
0%
Musique USA ♀️ Billie Holiday
0%
Basket-ball USA ♂️ Bill Russell
0%
Musique/Cinéma USA ♀️ Blue Ivy Carter
0%
Musique USA ♂️ Bobby Shmurda
0%
Musique France ♂️ Bolémvn
0%
Militantisme/Politique USA ♀️ Candace Owens
0%
Politique France ♂️ Carlos Martens Bilongo
0%
Musique USA ♂️ Chance the Rapper
0%
Musique/Cinéma USA ♀️ Chloe Bailey
0%
Musique USA ♂️ Chuck Berry
0%
Reine de beauté France ♀️ Cindy Fabre
0%
Football américain USA ♂️ Colin Kaepernick
0%
Vidéaste France ♀️ Crazy Sally
0%
Musique USA ♂️ DaBaby
0%
Cinéma Royaume-Uni ♂️ Daniel Kaluuya
0%
Cinéma USA ♂️ Danny Glover
0%
Basket-ball USA ♂️ Derek Fisher
0%
Musique USA ♂️ Desiigner
0%
Humoriste France ♂️ Dieudonné
0%
Football France ♂️ Dimitri Payet
0%
Musique France ♂️ Disiz
0%
Mode/Cinéma France ♂️ Djebril Zonga
0%
Musique USA ♂️ Donald Glover/Childish Gambino
0%
Politique USA ♂️ Eric Adams
0%
Musique Royaume-Uni ♀️ FKA Twigs
0%
Cinéma USA ♂️ Forest Withacker
0%
Football Côte d'Ivoire ♂️ Franck Kessié
0%
Psychiatre/Ecriture France ♂️ Frantz Fanon
0%
Journaliste/Militantisme USA ♂️ Frederick Douglass
0%
Musique France/Rwanda ♂️ Gaël Faye
0%
Rugby France ♂️ Gaël Fickou
0%
Musique France ♂️ Gambi
0%
Basket-ball USA ♂️ Georges Gervin
0%
Football France/Congo ♀️ Grace Geyoro
0%
Influenceuse/Musique Congo ♀️ Grace Mbizi
0%
Football France ♀️ Griedge Mbock
0%
Musique USA ♂️ Gucci Mane
0%
Politique Ethiopie ♂️ Haïlé Sélassié Ier
0%
Basket-ball USA ♂️ Hal Greer
0%
Musique/Cinéma USA ♀️ Halle Bailey
0%
Cinéma USA ♀️ Halle Berry
0%
Militantisme USA ♀️ Harriet Tubman
0%
Musique/Cinéma USA/Jamaïque ♂️ Harry Belafonte
0%
Cinéma USA ♀️ Hattie McDaniel
0%
Musique USA ♀️ H.E.R.
0%
Politique France ♂️ Hervé Berville
0%
Musique/Télé-crochet France ♂️ Houcine
0%
Cinéma USA ♂️ Jamie Foxx
0%
Artiste USA ♂️ Jean-Michel Basquiat
0%
Athlétisme USA ♂️ Jesse Owens
0%
Musique USA ♂️ Jimi Hendrix
0%
Musique Jamaïque ♂️ Jimmy Cliff
0%
Musique/Cinéma France ♂️ JoeyStarr
0%
Athlétisme USA ♂️ John Carlos
0%
Musique USA ♂️ John Coltrane
0%
Musique USA ♂️ John Legend
0%
Politique USA ♀️ Karine Jean-Pierre
0%
Mode France ♀️ Katoucha Niane
0%
Basket-ball USA ♂️ Kevin Garnett
0%
Musique USA ♂️ Khalid
0%
Musique USA ♂️ Kid Cudi
0%
Basket-ball USA ♂️ Klay Thompson
0%
Politique Ghana ♂️ Kofi Annan
0%
Football Royaume-Uni/Jamaïque ♂️ Kyle Walker
0%
Athlétisme France ♂️ Ladji Doucouré
0%
Politique France ♀️ Laetitia Avia
0%
Musique France ♂️ La Fève
0%
Musique France ♀️ Lala &ce
0%
Musique France ♂️ Landy
0%
Cinéma USA ♂️ Laurence Fishburne
0%
Musique France ♂️ Laurent Voulzy
0%
Musique Belgique ♂️ Le Motif
0%
Musique USA ♂️ Lenny Kravitz
0%
Ecriture/Politique France ♂️ Léon-Gontran Damas
0%
Musique USA ♂️ Lil Mosey
0%
Musique USA ♂️ Lil Yachty
0%
Musique/Télé-crochet Portugal/Cap-Vert ♂️ Lisandro Cuxi
0%
Musique Royaume-Uni ♀️ Little Simz
0%
Cinéma France ♂️ Lucien Jean-Baptiste
0%
Musique France ♂️ Luidji
0%
Musique France ♂️ Luv Resval
0%
Vidéaste France ♂️ Marvel Fitness
0%
Musique USA ♀️ Mary J. Blige
0%
Journaliste France ♀️ Maryse Condé
0%
Vidéaste France ♂️ Melchior
0%
Musique/Télé-crochet Belgique ♀️ Mentissa
0%
Musique USA ♂️ Metro Boomin
0%
Danse USA ♀️ Misty Copeland
0%
Politique France ♀️ Nadège Abomangoli
0%
Musique USA ♂️ Nile Rodgers
0%
Musique USA ♂️ NLE Choppa
0%
Musique USA ♀️ Normani
0%
Musique France ♂️ Oboy
0%
Cinéma USA ♀️ Octavia Spencer
0%
Musique France/Mali ♂️ Oxmo Puccino
0%
Cinéma France ♂️ Pascal Légitimus
0%
Politique Cameroun ♂️ Paul Biya
0%
Musique Royaume-Uni ♀️ PinkPantheress
0%
Musique USA ♂️ Playboi Carti
0%
Musique USA ♂️ Polo G
0%
Musique Nigéria ♂️ Rema
0%
Ecriture/Journaliste USA/France ♂️ Richard Wright
0%
Musique USA ♂️ Rich the Kid
0%
Musique USA ♂️ Rick Ross
0%
Football France ♂️ Rio Mavuba
0%
Politique Zimbabwe ♂️ Robert Mugabe
0%
Musique France/Comores ♂️ Roshi
0%
Musique USA ♂️ Saint Jhn
0%
Musique USA ♂️ Sam Cooke
0%
Football France ♀️ Sandy Baltimore
0%
Musique France ♂️ Shurik'n
0%
Gymnastique USA ♀️ Simone Biles
0%
Musique France/Comores ♂️ So La Lune
0%
Musique USA ♀️ Solange Knowles
0%
Musique France ♂️ S.Pri Noir
0%
Cinéma France ♀️ Stéfi Celma
0%
Athlétisme France ♂️ Stéphane Diagana
0%
Humoriste/Télévision USA ♂️ Steve Harvey
0%
Football France/Congo ♂️ Steven Nzonzi
0%
Musique/Cinéma France ♂️ Stomy Bugsy
0%
Musique Royaume-Uni ♂️ Stormzy
0%
Musique USA ♀️ SZA
0%
Joueur e-sport France ♂️ TakaS
0%
Musique France ♂️ Timal
0%
Musique USA ♂️ Timbaland
0%
Ecriture USA ♀️ Toni Morrison
0%
Politique France/Haïti ♂️ Toussaint Louverture
0%
Musique USA ♂️ T-Pain
0%
Musique USA ♂️ Trippie Redd
0%
Musique USA ♂️ Ty Dolla Sign
0%
Football Nigéria ♂️ Victor Osimhen
0%
Cinéma Trinité-et-Tobago/Rwanda ♂️ Winston Duke
0%
Musique France ♂️ Youv Dee
0%
Influenceur France ♂️ Zepeck
0%
Aucun quiz correspondant
Distribution des résultats
% des personnes avec chaque résultat
Percentile par nombre de réponses
Votre historique - résultats
Vous n’avez pas pris ce quiz depuis la dernière actualisation